| 000 | 00661nam a2200217 i 4500 | ||
|---|---|---|---|
| 001 | 142068 | ||
| 003 | ES-MaACL | ||
| 005 | 20230906200434.0 | ||
| 007 | t| | ||
| 008 | 071002s1959 sp ||||1| spa d | ||
| 100 | 1 |
_aWalker, John Charles. _9115932 |
|
| 245 | 1 | 0 |
_aEnfermedades de las hortalizas / _cJohn Charles ; versión española Antonio Arnal Verdero. |
| 250 | _a[1ª ed.]. | ||
| 260 |
_aBarcelona : _bSalvat, _c[1959] |
||
| 300 |
_a624 p. : _bil. ; _c22 cm. |
||
| 490 | 1 | _aAgrícola Salvat | |
| 700 | 1 |
_aArnal Verderol, Antonio. _923034 |
|
| 830 | 0 |
_aAgrícola Salvat _9181573 |
|
| 852 |
_aES-MaACL _jC-17460 _bR.44859 |
||
| 999 |
_c142068 _d142068 |
||